[Event "RUS-Cup02"]
[Site "Moscow"]
[Date "1998.??.??"]
[Round "4"]
[White "Hasangatin, Ramil"]
[Black "Belov, Vladimir"]
[Result "1/2-1/2"]
[WhiteElo "2460"]
[BlackElo "2280"]

1.e4 c5 2.Nf3 d6 3.Bb5+ Bd7 4.Bxd7+ Qxd7 5.O-O Nf6 6.e5 dxe5 7.Nxe5 Qd6 8.Qe2 Nbd7
9.f4 g6 10.Nc3 Bg7 11.Nb5 Qb8 12.Re1 Nxe5 13.Qxe5 Qxe5 14.Rxe5 Nd7 15.Re2 Kd8
16.d3 Nb8 17.Be3 Bxb2 18.Rb1 Bf6 19.Bxc5 Nc6 20.Re4 b6 21.Bf2 Kd7 22.Na3 Rhd8
23.Nc4 Ke8 24.a4 Nd4 25.Bxd4 Rxd4 26.Rxd4 Bxd4+ 27.Kf1 Rc8  1/2-1/2

[Event "RUS-Cup02"]
[Site "Moscow"]
[Date "1998.??.??"]
[Round "4"]
[White "Mashinskaya, Iulia"]
[Black "Motylev, Alexander"]
[Result "1/2-1/2"]
[WhiteElo "2370"]
[BlackElo "2455"]

1.e4 c5 2.Nf3 d6 3.Bb5+ Bd7 4.Bxd7+ Qxd7 5.O-O Nc6 6.c3 Nf6 7.d4 e6 8.d5 exd5
9.exd5 Ne5 10.Re1 Be7 11.Nxe5 dxe5 12.c4 O-O 13.Bg5 Ne8 14.Bxe7 Qxe7 15.Qe2 Nd6
16.Nd2 Rfe8 17.Rad1 f5 18.b4 Rac8 19.Nb3 b6 20.bxc5 bxc5 21.Na5 Qf7 22.Nc6 e4
23.Qe3 Nxc4 24.Qc3 h6 25.Nxa7 Qxa7 26.Qxc4 Red8 27.a4 Rd6 28.Rb1 Qf7 29.Red1 Rcd8
30.Qxc5 Rxd5 31.Rxd5 Qxd5 32.Qxd5+  1/2-1/2

[Event "Moscow Kasparov Cup"]
[Site "Moscow"]
[Date "1998.??.??"]
[Round "7"]
[White "Bereslavsky, Mikhail"]
[Black "Grigoriants, Sergey"]
[Result "1/2-1/2"]
[WhiteElo "2075"]
[BlackElo "2250"]

1.e4 c5 2.Nf3 d6 3.Bb5+ Bd7 4.Bxd7+ Qxd7 5.O-O Nc6 6.Re1 Nf6 7.b3 e6 8.Bb2 Be7
9.d4 cxd4 10.Nxd4 O-O 11.c4 Rfd8 12.Nc3 Qc7 13.Rc1 Qa5 14.Qd3 Rac8 15.Kh1 Ng4
16.Qg3 Qh5 17.Nf3 Nce5 18.Nxe5 dxe5 19.f3 Nf6 20.Na4 Nd7 21.Rcd1 g6 22.Rf1 b6
23.Rd3 f6 24.Rfd1 Nb8 25.Qe1 Qh6 26.Qd2 Rxd3 27.Qxd3 Qf8 28.Qe2 Rd8 29.Rd3 Nc6
30.Qd1 Bd6 31.Rd2 Kf7 32.Kg1 Nd4 33.Kf1 Nc6 34.Ke2  1/2-1/2

[Event "RUS-Cup02"]
[Site "Moscow"]
[Date "1998.??.??"]
[Round "9"]
[White "Krasnov, Sergey"]
[Black "Tokmachev, Mikhail"]
[Result "1-0"]
[WhiteElo "2330"]
[BlackElo "2230"]

1.e4 c5 2.Nf3 d6 3.Bb5+ Bd7 4.Bxd7+ Qxd7 5.O-O Nc6 6.c3 Nf6 7.d4 cxd4 8.cxd4 e6
9.d5 Ne5 10.Nc3 Be7 11.Nd4 exd5 12.Nf5 O-O 13.Nxd5 Nxd5 14.Qxd5 Rfd8 15.Rd1 g6
16.Nh6+ Kg7 17.f4 Kxh6 18.fxe5+ Kg7 19.Bf4 Qg4 20.Rf1 Qe6 21.Qxe6 fxe6 22.Rac1 Rd7
23.exd6 Bxd6 24.Bxd6 Rxd6 25.Rc7+ Kg8 26.Rff7 Rd1+ 27.Kf2 Rd2+ 28.Kg3 Rxb2
29.Rg7+ Kf8 30.Rxh7 Kg8 31.Rcg7+ Kf8 32.Rxb7 Rxb7 33.Rxb7 a5 34.h4 Rc8 35.Kf4 Rc5
36.g4 g5+ 37.hxg5 Rc2 38.Ke5 Rxa2 39.Kxe6 Rf2 40.Ke5 Rg2 41.Ra7 Ra2 42.g6 Rg2
43.Kf6 Rf2+ 44.Kg5 Kg8 45.Rxa5 Re2 46.Ra8+ Kg7 47.Ra7+ Kg8 48.Re7 Re1 49.e5 Re2
50.Kf6 Rf2+ 51.Ke6 Rf1 52.Rf7 Re1 53.Kf6 Rf1+ 54.Ke7 Rg1 55.e6  1-0

[Event "RUS-Cup02"]
[Site "Moscow"]
[Date "1998.??.??"]
[Round "9"]
[White "Belikov, Vladimir"]
[Black "Yuferov, Sergey  N"]
[Result "1/2-1/2"]
[WhiteElo "2520"]
[BlackElo "2390"]

1.e4 c5 2.Nf3 d6 3.Bb5+ Bd7 4.Bxd7+ Qxd7 5.c4 Nc6 6.Nc3 g6 7.d4 cxd4 8.Nxd4 Bg7
9.Nde2 Nf6 10.f3 O-O 11.O-O a6 12.a4 e6 13.Bg5 Qc7 14.b3 Nd7 15.Kh1 Nc5 16.Rb1 Rac8
17.Qd2 Na5 18.Nd4 Ncxb3 19.Nxb3 Nxb3 20.Rxb3 Qxc4 21.Rfb1 Bxc3 22.Qxd6 Bf6
23.Rb4 Qc3 24.Bxf6 Qxf6 25.Rxb7  1/2-1/2

[Event "Goldberg mem"]
[Site "Moscow"]
[Date "1998.??.??"]
[Round "14"]
[White "Odeev, Handszar"]
[Black "Vorobiov, Evgeny E"]
[Result "0-1"]
[WhiteElo "2430"]
[BlackElo "2475"]

1.e4 c5 2.Nf3 d6 3.Bb5+ Nd7 4.d4 Nf6 5.Nc3 a6 6.Bxd7+ Nxd7 7.Bg5 h6 8.Bh4 g5
9.Bg3 Bg7 10.d5 b5 11.a3 Qa5 12.O-O Bxc3 13.bxc3 Qxc3 14.Re1 f6 15.h4 g4
16.Nd2 Ne5 17.a4 bxa4 18.Rxa4 Rb8 19.Re3 Qb2 20.Rb3 Rxb3 21.Nxb3 h5 22.Bf4 Ng6
23.Bc1 Qe5 24.Na5 O-O 25.Nc6 Qc3 26.Qe2 e5 27.Ra3 Nf4 28.Qd1 Qc4 29.Bxf4 exf4
30.Qd3 Qxd3 31.cxd3 f5 32.Ne7+ Kf7 33.Nc6 Bd7 34.Na5 Bb5 35.Nb7 Ke7 36.e5 dxe5
37.Nxc5 Kd6 38.d4 exd4 39.Ne6 Rc8 40.Nxd4 Kxd5 41.Nxf5 Rc7 42.g3 Ke5 43.Nh6 Rc1+
44.Kh2 Bc6 45.Ra5+ Ke6  0-1

[Event "EU-ch U16"]
[Site "Murek"]
[Date "1998.??.??"]
[Round "4"]
[White "Botezatu, Gheorghe"]
[Black "Loetscher, Roland"]
[Result "1/2-1/2"]
[WhiteElo "2195"]
[BlackElo "2080"]

1.e4 c5 2.Nf3 d6 3.Bb5+ Bd7 4.Bxd7+ Qxd7 5.c4 Nc6 6.Nc3 g6 7.d4 cxd4 8.Nxd4 Bg7
9.Be3 Nf6 10.f3 O-O 11.O-O Rfc8 12.b3 Rab8 13.Qd2 a6 14.a4 Qc7 15.Rac1 Qa5
16.Rfd1 Nd7 17.Qf2 Nxd4 18.Bxd4 Bxd4 19.Rxd4 Nf6 20.Nd5 Nxd5 21.exd5 b5 22.axb5 axb5
23.Rcd1 bxc4 24.bxc4 Qc3 25.Qh4 Rb7 26.Re4 Rbc7 27.Qh6 Qg7 28.Qe3 Qf6 29.Re1 Kg7
30.Rf4 Qb2 31.Rh4 h5 32.Re4 Qf6 33.Rf4 Qb2 34.Re4 Qf6 35.Rf4 Qb2  1/2-1/2

[Event "EU-ch U14 Girls"]
[Site "Murek"]
[Date "1998.??.??"]
[Round "6"]
[White "Drouzinina, Olga"]
[Black "Javakhishvili, Lela"]
[Result "0-1"]
[WhiteElo "2295"]
[BlackElo "2130"]

1.e4 c5 2.Nf3 d6 3.Bb5+ Bd7 4.Bxd7+ Qxd7 5.c4 Nc6 6.Nc3 Nf6 7.O-O g6 8.d3 Bg7
9.Ne1 O-O 10.f4 Nd4 11.Nf3 Nxf3+ 12.Qxf3 Ne8 13.f5 e6 14.Qh3 exf5 15.exf5 Bd4+
16.Kh1 f6 17.Qf3 Ng7 18.fxg6 hxg6 19.Bf4 Bxc3 20.bxc3 Rad8 21.d4 cxd4 22.cxd4 Nf5
23.Qd3 b6 24.d5 Kg7 25.Rae1 Rde8 26.Rxe8 Rxe8 27.g4 Nh6 28.g5 Nf5 29.gxf6+ Kxf6
30.Qc3+ Kf7 31.Bg5 Re5 32.Qh3 Kg7 33.Bd2 Qa4 34.Qd3 Kg8 35.Rg1 Kf7 36.Bf4 Re8
37.Qh3 Rg8 38.Qf1 Qxa2 39.Bxd6 Qc2 40.Qe1 Re8 41.Qf1 Qe4+ 42.Rg2 Qe1 43.Rg1 Qxf1
44.Rxf1 Rc8 45.Rf4 Kf6 46.Ba3 Ke5 47.Rg4 Ne3 48.Rxg6 Nxc4 49.Be7 Kxd5 50.h4 Re8
51.Bg5 Rh8 52.Kg2 a5 53.Rg7 b5 54.Kg3 b4 55.Ra7 Rf8 56.h5 b3 57.h6 b2 58.Rd7+ Kc6
59.Rd1 a4 60.h7 Rh8 61.Bf6 Rxh7  0-1

[Event "EU-ch U18"]
[Site "Murek"]
[Date "1998.??.??"]
[Round "6"]
[White "Azarov, Sergei"]
[Black "Lehtinen, Heikki"]
[Result "1/2-1/2"]
[WhiteElo "2445"]
[BlackElo "2190"]

1.e4 c5 2.Nf3 d6 3.Bb5+ Bd7 4.Bxd7+ Qxd7 5.c4 Nf6 6.Nc3 Nc6 7.d4 cxd4 8.Nxd4 Qg4
9.Qxg4 Nxg4 10.Nxc6 bxc6 11.O-O g6 12.b3 Bg7 13.Bb2 O-O 14.Rad1 Rfd8 15.h3 Nf6
16.Rfe1 Nd7 17.Na4 Bxb2 18.Nxb2 Rab8 19.Nd3 Nc5 20.Re3 e5 21.Ne1 Kf8 22.Nc2 a5
23.Re2 Ke7 24.f3 Ne6 25.Kf2 Rd7 26.Red2 h5 27.g3 f5 28.h4 c5 29.exf5 gxf5
30.Ne3 Nd4 31.f4 Ke6 32.Nd5 Ra7 33.fxe5 dxe5 34.Re1 Kd6 35.Nc3 Rd7 36.Rd3 Re8
37.Rde3 e4 38.Nd5 Nc2 39.Nf6 Nxe1 40.Nxe8+ Ke7 41.Ng7 Nd3+ 42.Kf1 Kf6 43.Nxh5+ Ke5
44.Re2 Rh7 45.g4 f4 46.Rxe4+ Kxe4 47.Nf6+ Kf3 48.Nxh7 Kxg4 49.Nf6+ Kxh4 50.Ke2 Nc1+
51.Kf3 Nxa2 52.Ne4 Nc1 53.Nxc5 Kg5 54.Ne6+ Kf5 55.Nd4+ Ke5 56.Nc6+ Kd6 57.Nxa5 Kc5  1/2-1/2

[Event "EU-ch U18"]
[Site "Murek"]
[Date "1998.??.??"]
[Round "8"]
[White "Breder, Dennis"]
[Black "Hautot, Stephane"]
[Result "1-0"]
[WhiteElo "2220"]
[BlackElo "2085"]

1.e4 c5 2.Nf3 d6 3.Bb5+ Bd7 4.Bxd7+ Nxd7 5.O-O Ngf6 6.Qe2 g6 7.c3 Bg7 8.d4 cxd4
9.cxd4 O-O 10.e5 dxe5 11.dxe5 Ng4 12.Bf4 Qc7 13.Rc1 Qa5 14.Re1 Nc5 15.h3 Nh6
16.Nc3 Ne6 17.Bh2 Nf5 18.Rad1 Rad8 19.Qe4 Qc5 20.Nd5 Rfe8 21.g4 Nh6 22.Ne3 Qb5
23.b3 Nc5 24.Qc4 Qxc4 25.bxc4 e6 26.Bg3 b6 27.Kf1 Bf8 28.Bh4 Be7 29.Bxe7 Rxd1
30.Rxd1 Rxe7 31.g5 Nf5 32.Ng4 Nb7 33.Nd4 Na5 34.Nf6+ Kg7 35.Nxf5+  1-0

[Event "EU-ch U14"]
[Site "Murek"]
[Date "1998.??.??"]
[Round "8"]
[White "Owczarzak, Jerzy"]
[Black "Alcazar Jimenez, Jesus"]
[Result "1-0"]
[WhiteElo "2205"]
[BlackElo "2105"]

1.e4 c5 2.Nf3 d6 3.Bb5+ Bd7 4.a4 Nc6 5.O-O Nf6 6.Re1 e6 7.c3 a6 8.Bf1 Be7
9.d4 cxd4 10.cxd4 O-O 11.Nc3 e5 12.d5 Nb8 13.a5 Bg4 14.h3 Bxf3 15.Qxf3 Nbd7
16.Bd2 Ne8 17.Nd1 Bg5 18.Bc3 Rc8 19.g3 Nc7 20.h4 Bf6 21.Bb4 Nc5 22.Bxc5 dxc5
23.Qb3 Rb8 24.Ne3 Ne8 25.Ng4 Qd6 26.Qc3 h5 27.Ne3 Rc8 28.Rac1 b5 29.axb6 Qxb6
30.Ra1 Ra8 31.Nc4 Qb8 32.Ra5 Nc7 33.Na3 Be7 34.Rb1 Qb4 35.Qxb4 cxb4 36.Nc4 Bf6
37.Nb6 Ra7 38.Nd7 Rd8 39.Nxf6+ gxf6 40.Rd1 Rd6 41.Be2 Kg7 42.Ra4 Rb7 43.Bxh5 b3
44.Be2 Kg6 45.g4 Kh6 46.Rc1 Kg7 47.Rc3 Kf8 48.Ra3 Rdb6 49.Bc4 Ke7 50.Raxb3 Rb4
51.Rxb4 Rxb4 52.b3 a5 53.f3 Ne8 54.Kf2 Nd6 55.Bd3 Nb5 56.Bxb5 Rxb5 57.Ke3 f5
58.gxf5 Rb8 59.Kd3 Rb4 60.Rc7+ Ke8 61.Kc3 Rb6 62.Rc6  1-0

[Event "New York op"]
[Site "New York"]
[Date "1998.??.??"]
[Round "9"]
[White "Sulskis, Sarunas"]
[Black "Sutovskij, Emil"]
[Result "1-0"]
[WhiteElo "2485"]
[BlackElo "2595"]

1.e4 c5 2.Nf3 d6 3.Bb5+ Bd7 4.Bxd7+ Qxd7 5.O-O Nc6 6.c3 Nf6 7.d3 e6 8.a4 Be7
9.Na3 O-O 10.Bg5 h6 11.Bh4 Rad8 12.Re1 a6 13.h3 d5 14.e5 Nh5 15.Bxe7 Qxe7
16.d4 cxd4 17.cxd4 f5 18.Nc2 g5 19.g3 Qf7 20.Qd2 Rc8 21.Re2 Rc7 22.Ra3 Ne7
23.Nce1 Rfc8 24.Nd3 Nc6 25.Nde1 Ne7 26.Kg2 Ng6 27.Nd3 Rc4 28.Rc3 Kh7 29.a5 Rf8
30.Nde1 Qc7 31.Rxc4 Qxc4 32.Re3 Qb5 33.Rc3 Qxa5 34.Nd3 Qd8 35.Nc5 Qe7 36.Rb3 b5
37.Ra3 g4 38.hxg4 fxg4 39.Nh2 Ngf4+ 40.gxf4 Nxf4+ 41.Kh1 Qh4 42.Nd7 Rf5 43.Nf6+ Kg6
44.Rg3 h5 45.Nxg4 Nh3 46.Qh6+ Kf7 47.Rc3  1-0

[Event "Newport ELO"]
[Site "Newport"]
[Date "1998.??.??"]
[Round "5"]
[White "Richards, John"]
[Black "Jones, Richard S"]
[Result "1-0"]
[WhiteElo "2045"]
[BlackElo "2045"]

1.e4 c5 2.Nf3 d6 3.Bb5+ Bd7 4.Bxd7+ Qxd7 5.O-O Nc6 6.c3 Nf6 7.d4 Nxe4 8.d5 Nb8
9.Re1 Nf6 10.Bg5 Na6 11.c4 O-O-O 12.Nc3 h6 13.Bd2 g5 14.Nb5 Kb8 15.Bc3 Bg7
16.b4 cxb4 17.Bd4 Nc5 18.Ne5 Qe8 19.Nd3 Nxd5 20.Bxg7 Rg8 21.Nxc5 Nf4 22.Qf3 Qc6
23.Qxc6 bxc6 24.Rxe7 cxb5 25.Na6+  1-0

[Event "NOR-chT"]
[Site "NOR"]
[Date "1998.??.??"]
[Round "?"]
[White "Ogaard, Leif"]
[Black "Djurhuus, Rune"]
[Result "0-1"]
[WhiteElo "2440"]
[BlackElo "2510"]

1.Nf3 c5 2.e4 d6 3.Bb5+ Nd7 4.c3 Nf6 5.Qe2 a6 6.Ba4 e5 7.O-O Be7 8.d4 O-O
9.Rd1 Qc7 10.Bb3 b5 11.Nbd2 Bb7 12.d5 c4 13.Bc2 Nc5 14.Nf1 h6 15.h3 Bc8 16.N3h2 Nh7
17.f4 exf4 18.Bxf4 Bg5 19.Bg3 Re8 20.Qf3 Bf6 21.h4 Qe7 22.Qf2 b4 23.e5 Bxe5
24.Bxe5 dxe5 25.cxb4 Nb7 26.Ne3 Qxb4 27.Bxh7+ Kxh7 28.Qxf7 Nd6 29.Qc7 Rb8
30.a3 Qb6 31.Qxb6 Rxb6 32.Rac1 Rxb2 33.Nxc4 Nxc4 34.Rxc4 Rd8 35.Nf3 Bb7 36.Rc5 e4
37.Ne5 e3 38.Nc6 Rd2 39.Re1 R8xd5 40.Rxd5 Rxd5 41.Nb4 Rd2 42.Rxe3 a5 43.Nd3 Rxg2+
44.Kf1 Rh2 45.Nc5 Bd5 46.Re7 Rxh4 47.Ra7 Rh5 48.Rxa5 Bc6 49.Kf2 Rd5 50.Ke3 h5  0-1

[Event "Nova Gorica op"]
[Site "Nova Gorica"]
[Date "1998.??.??"]
[Round "7"]
[White "Varini, Massimo"]
[Black "Vuckovic, Bojan"]
[Result "0-1"]
[WhiteElo "2070"]
[BlackElo "2320"]

1.e4 c5 2.Nf3 d6 3.Bb5+ Bd7 4.a4 Nc6 5.O-O Nf6 6.Re1 e6 7.c3 a6 8.Bf1 e5
9.d3 Be7 10.Nbd2 O-O 11.Nc4 h6 12.h3 Re8 13.Ne3 Bf8 14.Nh2 Be6 15.Qf3 Na5
16.Bd2 Nb3 17.Rad1 Bd7 18.a5 Qxa5 19.Nf5 Nxd2 20.Rxd2 Qd8 21.d4 exd4 22.cxd4 Bxf5
23.Qxf5 cxd4 24.Bc4 d5 25.Bxd5 Bb4 26.Rxd4 Bxe1 27.Bxf7+ Kxf7 28.Rxd8 Raxd8
29.e5 Rd1 30.Ng4 h5 31.Nxf6 Rxe5 32.Qf3 Bxf2+ 33.Kh2 Bg1+ 34.Kh1 Ree1 35.Ne4+ Kg8
36.g3 Bd4+ 37.Kg2 Rg1+ 38.Kh2 Rh1+ 39.Qxh1 Rxh1+ 40.Kxh1 Bxb2  0-1

[Event "RUS-Cup"]
[Site "Omsk/Perm"]
[Date "1998.??.??"]
[Round "4"]
[White "Kalegin, Evgenij"]
[Black "Gorbushin, Anatoly"]
[Result "1-0"]
[WhiteElo "2465"]
[BlackElo "2255"]

1.e4 c5 2.Nf3 d6 3.Bb5+ Nd7 4.O-O Nf6 5.Re1 a6 6.Bxd7+ Bxd7 7.c3 e6 8.d4 Be7
9.dxc5 dxc5 10.e5 Nd5 11.Nbd2 O-O 12.Ne4 Bc6 13.Qc2 h6 14.Qe2 b5 15.Bd2 Qc7
16.Rad1 Rad8 17.Ng3 Qb7 18.Nh5 Nb6 19.b3 Kh7 20.c4 bxc4 21.bxc4 Bxf3 22.gxf3 Rd4
23.Rb1 Qc6 24.Rec1 Nd7 25.Bc3 Rh4 26.Ng3 Rd8 27.Rd1 Nf8 28.Rxd8 Bxd8 29.Qd3+ Ng6
30.Rb8 Bc7 31.Rc8 Qb7 32.Rf8 Rf4 33.Ne4 Rxf3 34.Nf6+ Rxf6 35.exf6 e5 36.Rxf7 e4
37.Rxg7+ Kh8 38.Rxg6 Bxh2+ 39.Kxh2 exd3 40.f7+  1-0

[Event "Wch U14"]
[Site "Oropesa del Mar"]
[Date "1998.??.??"]
[Round "10"]
[White "Bhat, Vinay S"]
[Black "Alcazar Jimenez, Jesus"]
[Result "1-0"]
[WhiteElo "2235"]
[BlackElo "2105"]

1.e4 c5 2.Nf3 d6 3.Bb5+ Bd7 4.Bxd7+ Nxd7 5.O-O Ngf6 6.Qe2 e6 7.b3 Be7 8.Bb2 O-O
9.c4 a6 10.d4 cxd4 11.Nxd4 Rc8 12.Nc3 Re8 13.Rad1 Qc7 14.f4 Bf8 15.Qf3 Qc5
16.Kh1 Rb8 17.Qe2 Rbd8 18.Nc2 Qh5 19.Qe1 Nc5 20.b4 Ncd7 21.Rd3 h6 22.Rh3 Qg6
23.Rg3 Qh7 24.Re3 Nb6 25.Qe2 d5 26.cxd5 exd5 27.exd5 Rxe3 28.Nxe3 Nbxd5 29.Nexd5 Nxd5
30.f5 Nxb4 31.Ne4 Nc6 32.h3 h5 33.f6 Re8 34.fxg7 Qxe4 35.Qxh5 Bxg7 36.Qxf7+  1-0

[Event "Ostrava Cup"]
[Site "Ostrava"]
[Date "1998.??.??"]
[Round "3"]
[White "Talla, Vladimir"]
[Black "Shtyrenkov, Veniamen"]
[Result "0-1"]
[WhiteElo "2305"]
[BlackElo "2495"]

1.e4 c5 2.Nf3 d6 3.Bb5+ Nc6 4.O-O Bd7 5.Re1 a6 6.Bf1 Bg4 7.d3 g6 8.c3 Bg7
9.Nbd2 b5 10.h3 Bd7 11.Nb3 e5 12.d4 c4 13.Nbd2 exd4 14.Nxd4 Nxd4 15.cxd4 Ne7
16.Nf3 O-O 17.Bf4 d5 18.e5 Qb6 19.Qd2 Nc6 20.Rad1 Qa5 21.Qxa5 Nxa5 22.Nh2 Nc6
23.Ng4 Rac8 24.g3 Be6 25.Bg5 Bxg4 26.hxg4 f6 27.exf6 Bxf6 28.Bxf6 Rxf6 29.g5 Rd6
30.Bh3 Rcd8 31.a3 Kf7 32.f4 a5 33.Rd2 b4 34.axb4 axb4 35.Ra1 Re8 36.Kf2 Re4
37.Bg2 Re7 38.Ra6 Rc7 39.Rd1 Kg7 40.Bf3 c3 41.bxc3 bxc3 42.Rc1 Nb4 43.Rxd6 Nd3+
44.Ke3 Nxc1 45.Bd1 c2 46.Bxc2 Rxc2 47.Rxd5 Rc3+ 48.Kd2 Rc7 49.Rd6 Na2 50.Ke3 Nc3
51.g4 Re7+ 52.Kf3 Kf7 53.Ra6 Nb5 54.f5 Nxd4+ 55.Kf4 Rd7 56.Rf6+ Kg7 57.Ra6 Rf7
58.Rd6 Nb5 59.Rd5 Nc7 60.Rd6 Ne8 61.Rd8 Kf8 62.Ra8 Rb7 63.Ra6 Kf7 64.Ke4 Rb4+
65.Kf3 Rc4 66.Kg3 Rc7  0-1

[Event "Ostrava Cup"]
[Site "Ostrava"]
[Date "1998.??.??"]
[Round "7"]
[White "Oral, Tomas"]
[Black "Stocek, Jiri"]
[Result "1/2-1/2"]
[WhiteElo "2510"]
[BlackElo "2470"]

1.e4 c5 2.Nf3 d6 3.Bb5+ Nd7 4.d4 Nf6 5.Nc3 cxd4 6.Qxd4 e5 7.Qd3 h6 8.Be3 Be7
9.Bc4 O-O 10.Nh4 d5 11.exd5 e4 12.Qd4 Bc5 13.Qd2 Bxe3 14.fxe3 Ng4 15.g3 Qg5
16.Be2 Nb6 17.Ng2 Re8 18.Nf4 Bd7 19.O-O Rad8 20.a4 Bf5 21.Qd4 Nf6 22.a5 Nbd7
23.Kg2 Bg4 24.Bxg4 Nxg4 25.Nxe4 Qe5 26.h3 Qxd4 27.exd4 Ne3+ 28.Kf3 Nxc2 29.Rad1 Nf8
30.Rf2 Nb4 31.Nc3 Nh7 32.Re2 Rxe2 33.Kxe2 Nf6 34.Ke3 g5 35.Nfe2 Re8+ 36.Kf3 Nbxd5
37.Nxd5 Nxd5 38.Rd3 f5 39.Rb3 Re7 40.Rb5 Rd7 41.Nc3 Ne7 42.Ke3 Kf7 43.Na4 a6
44.Rc5 Nd5+ 45.Kd3 Kf6 46.Kc4 Ne3+ 47.Kd3 Nd5 48.Kc4 Ne3+ 49.Kd3  1/2-1/2

[Event "Ostrava Cup"]
[Site "Ostrava"]
[Date "1998.??.??"]
[Round "9"]
[White "Berezjuk, Sergej"]
[Black "Dydyshko, Viacheslav"]
[Result "0-1"]
[WhiteElo "2410"]
[BlackElo "2495"]

1.e4 c5 2.Nf3 d6 3.Bb5+ Bd7 4.Bxd7+ Qxd7 5.c4 Nc6 6.Nc3 g6 7.d4 cxd4 8.Nxd4 Bg7
9.Nde2 Nf6 10.O-O O-O 11.f3 a6 12.a4 Qc7 13.Kh1 e6 14.Bg5 Nd7 15.Rb1 Rfe8
16.f4 Nb4 17.b3 f5 18.exf5 exf5 19.Rf3 Nc5 20.Bh4 Ne4 21.Nxe4 fxe4 22.Rf1 Qc5
23.Bf2 e3 24.Be1 Nc6 25.Qd3 Nd4 26.Rd1 Nxe2 27.Qxe2 Re4 28.Rd5 Qa3 29.f5 Rf8
30.Rf3 Qxb3 31.fxg6 hxg6 32.Rxd6 Qxc4 33.Rd3 Rxf3 34.gxf3 Rd4 35.Rxe3 Qxe2
36.Rxe2 Rxa4 37.Kg2 b5 38.Re8+ Kf7 39.Rb8 Be5 40.Rb7+ Ke6 41.h4 Ra1 42.Bb4 Kd5
43.Kf2 Kc4 44.Bf8 a5 45.Ke3 b4 46.f4 Bc3 47.f5 gxf5 48.h5 Rh1 49.h6 a4  0-1

[Event "HUN-ch U16"]
[Site "Paks"]
[Date "1998.??.??"]
[Round "6"]
[White "Gonczi, Jozsef"]
[Black "Szeberenyi, Adam"]
[Result "1-0"]
[WhiteElo "2140"]
[BlackElo "2220"]

1.e4 c5 2.Nf3 d6 3.Bb5+ Bd7 4.Bxd7+ Qxd7 5.c4 Nf6 6.Nc3 Nc6 7.d4 cxd4 8.Nxd4 Qg4
9.O-O Qxd1 10.Rxd1 Nxd4 11.Rxd4 Rc8 12.b3 g6 13.Bg5 Bg7 14.Rc1 h6 15.Bd2 Nd7
16.Rd5 O-O 17.f3 a6 18.Ne2 Kh7 19.Bc3 Rc6 20.Bxg7 Kxg7 21.Rcd1 Rfc8 22.f4 Nf6
23.R5d4 Rc5 24.Nc1 b5 25.Nd3 R5c7 26.cxb5 axb5 27.e5 Ne8 28.Nb4 Rc1 29.Kf2 Rxd1
30.Rxd1 f6 31.Rd5 Rc5 32.exd6 exd6 33.Ke3 Rxd5 34.Nxd5 Kf7 35.Kd4 Ng7 36.Nc7 Nf5+
37.Ke4 Ne7 38.Nxb5 Ke6 39.Nc7+ Kd7 40.Nd5 f5+ 41.Kd4 Nc6+ 42.Kc4 Ke6 43.b4 g5
44.g3 gxf4 45.gxf4  1-0

[Event "HUN-ch U16"]
[Site "Paks"]
[Date "1998.??.??"]
[Round "8"]
[White "Gonczi, Jozsef"]
[Black "Blasko, Istvan"]
[Result "0-1"]
[WhiteElo "2140"]
[BlackElo "2085"]

1.e4 c5 2.Nf3 d6 3.Bb5+ Bd7 4.a4 Nf6 5.Qe2 e6 6.O-O Be7 7.c3 O-O 8.d4 Nc6
9.Bg5 cxd4 10.cxd4 d5 11.e5 Ne4 12.Bxe7 Qxe7 13.Nc3 Ng5 14.Nxg5 Qxg5 15.f4 Qd8
16.Rad1 a6 17.Bd3 Nxd4 18.Qh5 g6 19.Qh6 f5 20.exf6 Rxf6 21.g4 Qb6 22.Kh1 Raf8
23.Rd2 Qd6 24.f5 exf5 25.gxf5 Nxf5 26.Bxf5 Bxf5 27.Rfd1 Bg4 28.Nxd5 Bf3+
29.Kg1 Qc5+ 30.Qe3 Qxe3+ 31.Nxe3 Bxd1 32.Rxd1 R8f7 33.Ng4 Rb6 34.Nh6+ Kg7
35.Nxf7 Kxf7 36.Rd2 Kf6 37.Kf2 Rb4 38.Ke3 Rxa4 39.Rd7 Rb4 40.Rxh7 Rxb2 41.Kd3 a5
42.Kc3 Rb4 43.Rc7 b6 44.Rb7 Kg5 45.Rg7 Kh5 46.Rb7 Kg4 47.Rg7 g5 48.Rh7 Kf3
49.Rg7 g4 50.Rg6 Kg2 51.h4 g3 52.h5 Rh4 53.h6 Kh2 54.Rxb6 g2  0-1

[Event "Pardubice Czech op"]
[Site "Pardubice"]
[Date "1998.??.??"]
[Round "2"]
[White "Klima, Lukas"]
[Black "Vokac, Marek"]
[Result "0-1"]
[WhiteElo "2255"]
[BlackElo "2510"]

1.Nf3 c5 2.e4 d6 3.Bb5+ Nd7 4.c3 Nf6 5.d3 a6 6.Ba4 g6 7.O-O Bg7 8.Re1 b5
9.Bc2 O-O 10.Nbd2 Bb7 11.Nf1 Qc7 12.h3 e5 13.N3h2 d5 14.Ng4 Nxg4 15.hxg4 Rad8
16.Qf3 dxe4 17.dxe4 c4 18.Bg5 f6 19.Be3 Rf7 20.Rad1 f5 21.gxf5 gxf5 22.Bg5 Rdf8
23.Qh3 f4 24.Nh2 Nc5 25.Nf3 Qb6 26.Qh4 Nd3 27.Bxd3 cxd3 28.Rxd3 Qe6 29.Qh5 h6
30.Bh4 Bc6 31.Red1 Bxe4 32.Rd6 Qxa2 33.Nxe5 Rf5 34.Qg4 h5 35.Qxg7+ Kxg7 36.Rd7+ R8f7
37.Nxf7 Rxf7 38.f3 Bc2  0-1

[Event "Pardubice Czech op"]
[Site "Pardubice"]
[Date "1998.??.??"]
[Round "4"]
[White "Kotan, Ladislav"]
[Black "Agnos, Demetrios"]
[Result "0-1"]
[WhiteElo "2280"]
[BlackElo "2475"]

1.e4 c5 2.Nf3 d6 3.Bb5+ Nc6 4.c3 Bd7 5.O-O Nf6 6.Re1 a6 7.Ba4 b5 8.Bc2 Bg4
9.d3 e6 10.h3 Bh5 11.Nbd2 Be7 12.Nf1 O-O 13.Ng3 Bg6 14.Nh4 d5 15.Nxg6 hxg6
16.h4 dxe4 17.dxe4 Nd7 18.h5 g5 19.Be3 Nde5 20.Qxd8 Rfxd8 21.Rad1 c4 22.f3 Kh7
23.Kf2 Kh6 24.Ke2 a5 25.Rxd8 Rxd8 26.Rh1 a4 27.Rb1 Ra8 28.a3 Rd8 29.f4 gxf4
30.Bxf4+ Bg5 31.Bxg5+ Kxg5 32.Rh1 Nd3 33.h6 gxh6 34.Rb1 Nce5 35.Bxd3 cxd3+
36.Kf2 Nc4 37.Nf1 Kf4 38.e5 Kxe5 39.Re1+ Kf4 40.g3+ Kg5 41.Rb1 e5  0-1

[Event "Pardubice Czech op"]
[Site "Pardubice"]
[Date "1998.??.??"]
[Round "9"]
[White "Shabanov, Yuri"]
[Black "Khmelnitsky, Sergei"]
[Result "1-0"]
[WhiteElo "2495"]
[BlackElo "2420"]

1.e4 c5 2.Nf3 d6 3.Bb5+ Nd7 4.O-O a6 5.Bxd7+ Bxd7 6.d4 cxd4 7.Qxd4 e5 8.Qd3 h6
9.c4 Nf6 10.Nc3 Be7 11.a4 O-O 12.Be3 b6 13.h3 Qc7 14.Nd2 Rab8 15.Rfc1 Qb7
16.Qe2 Rfc8 17.f3 Rc7 18.Nf1 Rbc8 19.b3 Qb8 20.Bd2 b5 21.axb5 axb5 22.Nxb5 Rb7
23.Ne3 Bxb5 24.cxb5 Rxc1+ 25.Rxc1 Bf8 26.b4 Rxb5 27.Rc8 Qb6 28.Kh2 d5 29.Nf5 g6
30.Bxh6 gxf5 31.Bxf8 Qb7 32.Rd8 dxe4 33.Qf2 Rd5 34.Bd6+ Kg7 35.Qg3+ Kh7 36.Qh4+ Kg6
37.Rh8 Ng4+ 38.hxg4  1-0

[Event "Paris op"]
[Site "Paris"]
[Date "1998.??.??"]
[Round "1"]
[White "Kogan, Artur"]
[Black "Janotta, Patrick"]
[Result "1-0"]
[WhiteElo "2485"]
[BlackElo "2155"]

1.e4 c5 2.Nf3 d6 3.Bb5+ Bd7 4.a4 Nf6 5.d3 e6 6.O-O Be7 7.e5 dxe5 8.Nxe5 O-O
9.Qf3 Bxb5 10.axb5 Nbd7 11.Nc4 Nd5 12.Nc3 Nxc3 13.bxc3 Qc8 14.Bf4 Nf6 15.Bd6 Bxd6
16.Nxd6 Qc7 17.Nxb7 Nd5 18.c4 Qxb7 19.cxd5 Qxb5 20.dxe6 fxe6 21.Qe4 Qd7 22.Ra6 Rfe8
23.Rfa1 Rab8 24.g3 Rb7 25.Rc6 Qd4 26.Qe1 Rf7 27.c3 Qxd3 28.Rxe6 Rxe6 29.Qxe6 Qxc3
30.Rxa7 Qf3 31.Qc8+ Rf8 32.Qxc5 h6 33.Qd4 Qf6 34.Qd5+ Kh8 35.f4 Kh7 36.Kg2 Rd8
37.Qe4+ Kh8 38.Qe5 Qc6+ 39.Kh3 Qg6 40.Re7 Rf8 41.g4 Ra8 42.Kh4 Rf8 43.Re6 Qf7
44.f5 Kg8 45.Rg6 Kh7 46.Kh5 Re8 47.Qd4 Re2 48.h4 Re7 49.Qd6 Qe8 50.Qd3 Qf7
51.Qf3 Re5 52.Qc6 Rxf5+ 53.g5 Rf4 54.Qe6 Rxh4+ 55.Kxh4 Qxg6 56.Qe5 hxg5+
57.Kg4 Kh6 58.Qh2+  1-0

[Event "Paris op"]
[Site "Paris"]
[Date "1998.??.??"]
[Round "2"]
[White "Eusebe, Aurelien"]
[Black "Shneider, Aleksandr"]
[Result "1/2-1/2"]
[WhiteElo "2220"]
[BlackElo "2540"]

1.e4 c5 2.Nf3 d6 3.Bb5+ Bd7 4.Bxd7+ Qxd7 5.O-O Nc6 6.c4 g6 7.d4 cxd4 8.Nxd4 Bg7
9.Ne2 Nf6 10.f3 O-O 11.Nbc3 a6 12.a4 Qd8 13.Kh1 Nd7 14.Rb1 Nc5 15.b3 Rc8
16.Bg5 f5 17.exf5 Rxf5 18.Bh4 Nb4 19.Qd2 Qf8 20.Bg5 e6 21.Be3 Rf7 22.Rfd1 Ncd3
23.Na2 d5 24.Nxb4 Nxb4 25.Rbc1 dxc4 26.Rxc4 Nc6 27.Bb6 Rf5 28.Qd7 Rf7 29.Qd2 Rf5
30.Qd7 Rf7  1/2-1/2

[Event "Wch U14 Disney"]
[Site "Paris"]
[Date "1998.??.??"]
[Round "5"]
[White "Lupulescu, Constantin"]
[Black "Smerdon, David"]
[Result "0-1"]
[WhiteElo "2200"]
[BlackElo "2075"]

1.e4 c5 2.Nf3 d6 3.Bb5+ Bd7 4.Bxd7+ Qxd7 5.c4 Nf6 6.Nc3 g6 7.d4 cxd4 8.Nxd4 Bg7
9.f3 O-O 10.Be3 Nc6 11.O-O a6 12.a4 Qc7 13.b3 Rfc8 14.Rc1 Nd7 15.Nd5 Qd8
16.Ne2 e6 17.Ndc3 Nc5 18.Rb1 Nb4 19.Qd2 Qc7 20.Nf4 Nxb3 21.Rxb3 Qxc4 22.Rxb4 Qxb4
23.Nce2 Qxd2 24.Bxd2 Rc2 25.Rd1 b5 26.Nd3 bxa4 27.Ne1 Rb2 28.Nd3 Rc2 29.Ne1 Rb2
30.Nd3 Rb3 31.Bb4 d5 32.exd5 exd5 33.Kf1 Rb8 34.Bd6 Rb1 35.Nec1 Rd8 36.Bc5 Kh8
37.Ke2 Bh6 38.Be3  0-1

[Event "Paris op"]
[Site "Paris"]
[Date "1998.??.??"]
[Round "7"]
[White "Golubovic, Boris"]
[Black "Hagege, Gerard"]
[Result "1-0"]
[WhiteElo "2440"]
[BlackElo "2195"]

1.e4 c5 2.Nf3 d6 3.Bb5+ Bd7 4.Bxd7+ Nxd7 5.O-O g6 6.c3 Bg7 7.d4 cxd4 8.cxd4 e5
9.Nc3 a6 10.Bg5 f6 11.Be3 Nh6 12.dxe5 dxe5 13.Qb3 b5 14.Rad1 Rb8 15.Rd6 Nf7
16.Re6+ Kf8 17.Rxa6 Rb7 18.Nxb5 Kg8 19.Qd5  1-0

[Event "World op"]
[Site "Philadelphia"]
[Date "1998.??.??"]
[Round "7"]
[White "Curdo, John"]
[Black "Waitzkin, Joshua"]
[Result "0-1"]
[WhiteElo "2305"]
[BlackElo "2465"]

1.e4 c5 2.Nf3 d6 3.Bb5+ Bd7 4.Bxd7+ Qxd7 5.O-O Nc6 6.c3 Nf6 7.d4 Nxe4 8.d5 Ne5
9.Re1 Nxf3+ 10.Qxf3 Nf6 11.c4 e5 12.dxe6 fxe6 13.Nc3 Be7 14.Bg5 O-O-O 15.a3 h6
16.Bh4 Kb8 17.b4 Rc8 18.Bg3 e5 19.Rab1 Qg4 20.Qxg4 Nxg4 21.f4 cxb4 22.Nd5 Bd8
23.axb4 Rxc4 24.fxe5 Nxe5 25.Bxe5 dxe5 26.Rxe5 Bg5 27.Rf1 Rd8 28.g3 Rd4 29.Nc3 Rxb4
30.Ne4 Be3+ 31.Kg2 Bd4 32.Re7 a5  0-1